000 00924nam a2200277 i 4500
001 14872
003 ES-MaACL
005 20250816062525.0
007 t|
008 990624s1999 sp ||||1| spa d
020 _a84-8307-183-5
080 _a929 Fernando(460)V
080 _a9.460"1474/1517"
100 1 _aBelenguer, Ernest.
_927148
245 1 0 _aFernando el Católico
_b: un monarca decisivo en las encrucijadas de su época /
_cErnest Belenguer.
250 _a1ª ed.
260 _aBarcelona :
_bPenínsula,
_c1999.
300 _a411 p. ;
_c21 cm.
490 1 _aHistoria, ciencia, sociedad ;
_v280
504 _aBibliografía : p. 402-411.
600 1 4 _aFernando
_bV
_cRey de España.
_950204
651 _aEspaña-
_xHistoria-
_y1474-1516, Reyes Católicos.
_98222
830 0 0 _aHistoria, ciencia, sociedad (Península)
_v280
_9177444
852 _aES-MaACL
_jL-22048
_bR.127350
999 _c14872
_d14872